Las ficciones en el Derecho Constitucional (Record no. 120009)

MARC details
000 -LEADER
campo de control de longitud fija 00981nam a2200229 i 4500
001 - NÚMERO DE CONTROL
campo de control 120009
003 - IDENTIFICADOR DE NÚMERO DE CONTROL
campo de control ES-MaACL
005 - FECHA Y HORA DE LA ÚLTIMA TRANSACCIÓN
campo de control 20260127062544.0
007 - CAMPO FIJO DE DESCRIPCIÓN FÍSICA--INFORMACIÓN GENERAL
campo de control de longitud fija t|
008 - DATOS DE LONGITUD FIJA--INFORMACIÓN GENERAL
campo de control de longitud fija 070214s1948 sp r ||||1| spa d
100 1# - ENTRADA PRINCIPAL--NOMBRE DE PERSONA
Nombre de persona Pérez Serrano, Nicolás,
Fechas asociadas al nombre 1890-1961
9 (RLIN) 91160
245 14 - MENCIÓN DEL TÍTULO
Título Las ficciones en el Derecho Constitucional
Resto del título : discurso leído el día 25 de mayo de 1948 en su recepción pública /
Mención de responsabilidad, etc. por Nicolás Pèrez Serrano ; contestación de Manuel de la Plaza Navarro.
260 ## - PUBLICACIÓN, DISTRIBUCIÓN, ETC.
Lugar de publicación, distribución, etc. Madrid :
Nombre del editor, distribuidor, etc. [s.n.],
Fecha de publicación, distribución, etc. 1948 (
Fabricante Imp. Viuda de Galo Sèz)
300 ## - DESCRIPCIÓN FÍSICA
Extensión 104 p. ;
Dimensiones 24 cm.
500 ## - NOTA GENERAL
Nota general Precede al Tit : Real Academia de Jurisprudencia y Legislación.
650 #4 - PUNTO DE ACCESO ADICIONAL DE MATERIA--TÉRMINO DE MATERIA
Término de materia o nombre geográfico como elemento de entrada Ficciones jurídicas.
9 (RLIN) 164461
650 07 - PUNTO DE ACCESO ADICIONAL DE MATERIA--TÉRMINO DE MATERIA
Término de materia o nombre geográfico como elemento de entrada Derecho constitucional
Fuente del encabezamiento o término embne
9 (RLIN) 11680
700 1# - ENTRADA AGREGADA--NOMBRE PERSONAL
Nombre de persona Plaza Navarro, Manuel de la,
Fechas asociadas al nombre 1886-1960
9 (RLIN) 92632
700 ## - ENTRADA AGREGADA--NOMBRE PERSONAL
Nombre de persona Real Academia de Jurisprudencia y Legislación de España
9 (RLIN) 217612
852 ## - LOCALIZACIÓN
Ubicación ES-MaACL
Número de control de estantería 1886-F-14
Sublocalización o colección R.25961
Holdings
Estatus retirado Estado de pérdida Estado de daño No para préstamo Colección Biblioteca de origen Biblioteca actual Ubicación en estantería Fecha de adquisición Fuente de adquisición Total de préstamos Signatura topográfica completa Código de barras Visto por última vez Precio de reemplazo Tipo de ítem Koha
        Colección de folletos Biblioteca del Ateneo de Madrid Biblioteca del Ateneo de Madrid Depósito folletos 17/01/2008     1886-F-14 1125091 23/02/2023 23/02/2023 Folleto